ბათუმის შოთა რუსთაველის სახელმწიფო უნივერსიტეტის ბიბლიოთეკა

Оборудование нефтеперерабатывающих заводов и его экспуалатация. (ბიბ.ჩანაწერი № 37005)

000 -LEADER
fixed length control field 00703nam a2200205Ia 4500
001 - CONTROL NUMBER
control field 2957
003 - CONTROL NUMBER IDENTIFIER
control field GE_BSU
008 - FIXED-LENGTH DATA ELEMENTS--GENERAL INFORMATION
fixed length control field 181216s||||||||xx |||||||||||||| ||und||
040 ## - CATALOGING SOURCE
Transcribing agency GE_BSU
080 ## - UNIVERSAL DECIMAL CLASSIFICATION NUMBER
Universal Decimal Classification number 66.02+665.63(075.8)
100 ## - MAIN ENTRY--PERSONAL NAME
Personal name Фарамазов,С.А.
245 ## - TITLE STATEMENT
Title Оборудование нефтеперерабатывающих заводов и его экспуалатация.
245 ## - TITLE STATEMENT
Statement of responsibility, etc. Ред. Р.Е.Миневич.
260 ## - PUBLICATION, DISTRIBUTION, ETC.
Place of publication, distribution, etc. М.
260 ## - PUBLICATION, DISTRIBUTION, ETC.
Name of publisher, distributor, etc. Химия.
260 ## - PUBLICATION, DISTRIBUTION, ETC.
Date of publication, distribution, etc. 1978.
300 ## - PHYSICAL DESCRIPTION
Extent 352 стр. с илл. 22 см.
653 ## - INDEX TERM--UNCONTROLLED
Uncontrolled term Оборудование нефтеперерабатывающих заводов и его экспуалатация.
942 ## - ADDED ENTRY ELEMENTS (KOHA)
Koha item type წიგნი
ეგზემპლარები
Withdrawn status Lost status Damaged status Not for loan Date acquired Barcode Date last seen Price effective from Koha item type
        2018-12-17 9356 2018-12-17 2018-12-17 წიგნი
        2018-12-17 9438 2018-12-17 2018-12-17 წიგნი
        2018-12-17 9439 2018-12-17 2018-12-17 წიგნი